000 01264nam a22002177a 4500
999 _c58993
_d58993
003 Ge_BSU
005 20221027162511.0
008 221027s2008 ge ||||| |||| 00| 0 geo d
020 _a9789941003042
041 _ageo
080 _a339.9(075.8) ს-15
245 _aსაერთაშორისო ეკონომიკური ურთიერთობები :
_b (დამხმ. სახელმძღვ.) /
_cშ. ვეშაპიძე, ნ. ასლამაზიშვილი, ა. გრიშიკაშვილი და სხვ. ; ევროპ. უნ-ტი, ეკონ. და მენეჯმენტის კონსულტ. ასოციაცია.
264 _aთბილისი,
_c2008.
300 _a196 გვ. :
_b ილ. ;
_c21 სმ.
504 _aბიბლიოგრ.: გვ. 185-188.
653 _aსაერთაშორისო ეკონომიკური ურთიერთობები
700 _aვეშაპიძე, შოთა.
_eავტორი
_915604
700 _aასლამაზიშვილი, ნ.
_eავტორი
_915605
700 _aგრიშიკაშვილი, ა. და სხვ.
_915606
942 _2udc
_cBK